| 000 -LEADER |
| fixed length control field |
01207nam a2200289 a 4500 |
| 001 - CONTROL NUMBER |
| control field |
012399970 |
| 003 - CONTROL NUMBER IDENTIFIER |
| control field |
UkOxU |
| 005 - DATE AND TIME OF LATEST TRANSACTION |
| control field |
20221227165109.0 |
| 008 - FIXED-LENGTH DATA ELEMENTS--GENERAL INFORMATION |
| fixed length control field |
940912r19941955nyua 000 1 eng d |
| 020 ## - INTERNATIONAL STANDARD BOOK NUMBER |
| International Standard Book Number |
9780064405058 |
| 020 ## - INTERNATIONAL STANDARD BOOK NUMBER |
| International Standard Book Number |
0064405370 (set) |
| 040 ## - CATALOGING SOURCE |
| Transcribing agency |
- |
| Modifying agency |
KH8 |
| 082 ## - DEWEY DECIMAL CLASSIFICATION NUMBER |
| Classification number |
FIC LEW |
| 100 1# - MAIN ENTRY--PERSONAL NAME |
| Personal name |
Lewis, C. S. |
| Fuller form of name |
(Clive Staples), |
| Dates associated with a name |
1898-1963. |
| Relator term |
AUTHOR |
| 245 14 - TITLE STATEMENT |
| Title |
The magician's nephew / |
| Statement of responsibility, etc. |
C.S. Lewis ; illustrated by Pauline Baynes. |
| 250 ## - EDITION STATEMENT |
| Edition statement |
1st Harper Trophy ed. |
| 260 ## - PUBLICATION, DISTRIBUTION, ETC. |
| Place of publication, distribution, etc. |
New York : |
| Name of publisher, distributor, etc. |
HarperTrophy, |
| Date of publication, distribution, etc. |
1994. |
| 300 ## - PHYSICAL DESCRIPTION |
| Extent |
202 p. : |
| Other physical details |
ill., map ; |
| Dimensions |
20 cm. |
| 490 1# - SERIES STATEMENT |
| Series statement |
Chronicles of Narnia ; |
| Volume/sequential designation |
bk. 1 |
| 500 ## - GENERAL NOTE |
| General note |
Originally published: London : The Bodley Head, 1955. |
| 500 ## - GENERAL NOTE |
| General note |
Also issued as part of 7 vol. set in slip-case. |
| 520 ## - SUMMARY, ETC. |
| Summary, etc. |
When Digory and Polly try to return the wicked witch Jadis to her own world, the magic gets mixed up and they all land in Narnia where they witness Aslan blessing the animals with human speech. |
| 700 1# - ADDED ENTRY--PERSONAL NAME |
| Personal name |
Baynes, Pauline. |
| Relator term |
ILLUSTRATOR |
| 800 1# - SERIES ADDED ENTRY--PERSONAL NAME |
| Personal name |
Lewis, C. S. |
| Fuller form of name |
(Clive Staples), |
| Dates associated with a name |
1898-1963. |
| Title of a work |
Chronicles of Narnia (HarperTrophy (Firm)) ; |
| Volume/sequential designation |
bk. 1. |
| 942 ## - ADDED ENTRY ELEMENTS (KOHA) |
| Source of classification or shelving scheme |
|
| Koha item type |
Books - Non Ficton |